000 00473nam a22001817a 4500
003 BDDh-ASL
005 20231015031022.0
008 220921s1946 pk ||||| |||| 00| 0 urd d
040 _aBDDh-ASL
_cBDDh-ASL
041 _aurd
082 _a297
_bALT
100 1 _96572
_aAli, Syed Amir
245 1 0 _aTarikh-e Islam : / تاریخ اسلام
260 _aLahore :
_bUrdu Academy ,
_c1964.
300 _a366 p. :
_c18 cm.
650 0 _91652
_aIslam
942 _2ddc
_cBK
999 _c29308
_d29308